<?xml version="1.0" encoding="UTF-8"?>
<collection xmlns="http://www.loc.gov/MARC21/slim">
    <record>
        <controlfield tag="001">3012</controlfield>
        <controlfield tag="005">20190219123707.0</controlfield>
        <datafield tag="020" ind1=" " ind2=" ">
            <subfield code="a">978-84-692-2610-0</subfield>
        </datafield>
        <datafield tag="037" ind1=" " ind2=" ">
            <subfield code="a">TESIS-2009-039</subfield>
        </datafield>
        <datafield tag="041" ind1=" " ind2=" ">
            <subfield code="a">spa</subfield>
        </datafield>
        <datafield tag="100" ind1="1" ind2=" ">
            <subfield code="a">Pérez Longares, Pedro Jesús</subfield>
        </datafield>
        <datafield tag="245" ind1="0" ind2="0">
            <subfield code="a">La participación de personas adultas en los procesos formativos</subfield>
        </datafield>
        <datafield tag="260" ind1=" " ind2=" ">
            <subfield code="a">Zaragoza</subfield>
            <subfield code="b">Universidad de Zaragoza</subfield>
            <subfield code="c">2008</subfield>
        </datafield>
        <datafield tag="300" ind1=" " ind2=" ">
            <subfield code="a">482</subfield>
        </datafield>
        <datafield tag="500" ind1=" " ind2=" ">
            <subfield code="a">Presentado:  27 10 2008</subfield>
        </datafield>
        <datafield tag="502" ind1=" " ind2=" ">
            <subfield code="a">Tesis-Univ. Zaragoza</subfield>
            <subfield code="b">Zaragoza, Universidad de Zaragoza</subfield>
            <subfield code="c">2008</subfield>
        </datafield>
        <datafield tag="506" ind1=" " ind2=" ">
            <subfield code="a">by-nc-nd</subfield>
            <subfield code="b">Creative Commons</subfield>
            <subfield code="c">3.0</subfield>
            <subfield code="u">https://creativecommons.org/licenses/by-nc-nd/3.0/</subfield>
        </datafield>
        <datafield tag="520" ind1=" " ind2=" ">
            <subfield code="a">La primera parte es fundamentante: Marco científico, Educación de Personas Adultas y Participación educativa.  La segunda (proceso de investigación) describe el diseño: estudio de caso de un Centro, integrando diversas metodologías.  La tercera expone resultados:  -  Distingue tres ámbitos participativos: Clase (mejores resultados), Contexto comunitario (65% del alumnado asociado) e Institucional (poco interesante). -  Forma de participar organizada en función del profesor y el grupo-clase específico.  -  Obstáculos diversos según el ámbito. -  Perfil participativo predominante: mujer, 30-55 años y casada. -  Clima de clase muy bueno. -  Hay que Optimizar: información, horarios, materiales y recursos. -  Temas de interés (perspectiva del alumnado): Profesorado, Alumnado, Información escasa, Grupo-clase adecuado, Participación ciudadana, Satisfacción, Horario apropiado, Tiempo libre y Percepción global de la institución. Propuestas pedagógicas: sistema participativo propio (Educación de Personas Adultas); participar desde el grupo-clase; apertura de Centro planificada; y continuar investigando.  The first part lays the foundations: Scientific frame, Adult Education and Educational participation. The second one describes the design: case study of a Center, integrating methodologies. The third part presents the results: -  It distinguishes three participative areas: Class (best results), Community context (65% of the students is associate) and Institutional (slightly interesting). -  Way of participating organized according to the Teacher and the specific group-class. -  Diverse obstacles depending on the area. -  Participative predominant profile: woman, 30-55 years old and married. -  Excellent classroom climate. -  It is necessary to optimize: information, schedules, materials and resources. -  Topics of interest (from the students’ perspective): Teachers, Students, Short information, Suitable group-class, Civic participation, Satisfaction, Appropriate schedule, Spare time and Global-perception of the institution. Pedagogic proposals: -  Proper participative system (Adult Education). -  Participating from the group–class. -  Planned opening of the Center to community. -  Going on researching.</subfield>
        </datafield>
        <datafield tag="653" ind1=" " ind2=" ">
            <subfield code="a">Educación de Personas Adultas</subfield>
        </datafield>
        <datafield tag="653" ind1=" " ind2=" ">
            <subfield code="a">Participación Educativa</subfield>
        </datafield>
        <datafield tag="653" ind1=" " ind2=" ">
            <subfield code="a">Adult Education</subfield>
        </datafield>
        <datafield tag="653" ind1=" " ind2=" ">
            <subfield code="a">Educational Participation</subfield>
        </datafield>
        <datafield tag="700" ind1=" " ind2=" ">
            <subfield code="a">García Pascual, Enrique</subfield>
            <subfield code="e">dir.</subfield>
        </datafield>
        <datafield tag="710" ind1="2" ind2=" ">
            <subfield code="a">Universidad de Zaragoza</subfield>
            <subfield code="b">Ciencias de la Educación</subfield>
        </datafield>
        <datafield tag="856" ind1="0" ind2=" ">
            <subfield code="f">zaguan@unizar.es</subfield>
        </datafield>
        <datafield tag="856" ind1="4" ind2=" ">
            <subfield code="s">6549843</subfield>
            <subfield code="u">http://zaguan.unizar.es/record/3012/files/TESIS-2009-039.pdf</subfield>
            <subfield code="z">Texto completo (spa)</subfield>
        </datafield>
        <datafield tag="909" ind1="C" ind2="O">
            <subfield code="o">oai:zaguan.unizar.es:3012</subfield>
        </datafield>
        <datafield tag="909" ind1="c" ind2="o">
            <subfield code="p">tesis</subfield>
        </datafield>
        <datafield tag="909" ind1="C" ind2="O">
            <subfield code="p">driver</subfield>
        </datafield>
        <datafield tag="910" ind1="2" ind2=" ">
            <subfield code="a"></subfield>
            <subfield code="b">Ciencias de la Educación</subfield>
        </datafield>
        <datafield tag="980" ind1=" " ind2=" ">
            <subfield code="a">TESIS</subfield>
        </datafield>
    </record>

    
</collection>